Quiz paradoksalny 2.0 - Statystyki

Ogólne statystyki
  • Ten quiz został rozwiązany 11 razy
    6 od ostatniego zresetowania
  • Średni wynik to 5 z 19
Statystyki odpowiedzi
Zagadnienie Odpowiedź % Poprawnych
Jan mówi: "Mam tyle lat, ile twierdzę, że mam." Które z poniższych zdań jest prawdziwe? C) Jan może kłamać, ale może też mówić prawdę.
83%
Która figura geometryczna nie pasuje do pozostałych? C) Koło
67%
Które z poniższych zdań jest prawdziwe? A) Pytanie 1 ma dokładnie jedną poprawną odpowiedź.
50%
W pudełku masz trzy kule: czarną, białą i żółtą. Jakie jest prawdopodobieństwo wylosowania żółtej kuli? B) 14/42
50%
Wskaż poprawną informację dotyczącą tego zdania. To zdanie zawiera dwa zdania składowe. B) Zdanie zawiera więcej niż jeden polski znak.
50%
W firmie obowiązują trzy zasady: 1. Każda decyzja musi być zgodna z regulaminem. 2. Jeśli dwie zasady są sprzeczne, obowiązuje ta, która została wprowadzona później 3. Nie wolno wprowadzić nowej zasady, jeśli narusza ona, którąś z tych 3 zasad. Następnie próbuje się wprowadzić zasadę 4: 4. W przypadku sprzeczności zawsze obowiązuje zasada nr. 1 Które stwierdzenie najlepiej opisuje sytuację po tej próbie? B) Zasada 4 nie wchodzi w życie, ponieważ jej wprowadzenie jest sprzeczne z regulaminem.
33%
Masz trzy pudełka w jednym z nich jest złoto. Wybierasz jedno pudełko. Następnie prowadzący zawsze celowo otwiera i odrzuca puste pudełko, którego nie wybrałeś i trzyma cię w napięciu. Potem pyta: "Czy chcesz zmienić swój wybór, na któreś z zamkniętych pudełek?" Jaka strategia daje ci większą szanse na złoto? B) Zmień pudełko na jedno z dwóch zamkniętych.
33%
Rozwiąż zdanie: „Nieprawdą jest, że nie istnieje osoba, która nie popełniła błędu.” Które zdanie ma takie samo znaczenie? C) Istnieje osoba, która nie popełniła błędu.
33%
Które z poniższych zdań jest prawdziwe? C) To zdanie jest prawdziwe lub fałszywe.
33%
W kolejce stoi trzech przyjaciół: Anna, Bartosz i Celina. Wiadomo, że 1. Jeśli Anna stoi pierwsza, Bartosz stoi ostatni. 2. Jeśli Bartosz nie stoi pierwszy, Celina stoi pierwsza. 3. Anna nie stoi ostatnia. Kto stoi pierwszy? A) Bartosz lub Celina
17%
"Wszystkie zdania, które są fałszywe, nie są zgodne z prawdą, a to zdanie jest jednym z nich." Co można powiedzieć o tym zdaniu? A) Jest poprawne, fałszywe i sensowne
17%
"Zignoruj to zdanie." Co właśnie zrobiłeś ? B) Nie wykonałeś polecenia
17%
Które z poniższych zdań zawiera błond ortograficzny? D) Wogóle nie wiem, o co ci chodzi.
17%
Jakie zdanie nie ma prawa istnieć? D) Zdanie prawdziwe, ale bezsensowne
17%
Masz trzy skrzynki A, B i C. W jednej ze skrzyń znajduje się nagroda. Na każdej ze skrzyń znajduje się etykieta, ale tylko jedna jest prawdziwa. Etykiety wyglądają tak: Etykieta A: Nagroda jest w skrzynce B. Etykieta B: Nagroda jest w tej skrzynce. Etykieta C: Nagroda jest w skrzynce A. W której skrzyni znajduje się nagroda ? A) A
0%
"Która z poniższych opcji najdokładniej opisuje to zdanie, a jednocześnie masz pewność co do jej prawdziwości ?" A) Zdanie jest.
0%
Pewna osoba twierdzi: "Wszystkie odpowiedzi na to pytanie są niepoprawne." Która z poniższych opcji jest prawdziwa? C) Osoba mówiąca kłamie.
0%
To pytanie jest bardzo łatwe, więc zdobędziesz darmowy punkt. Jaka odpowiedź będzie dla ciebie najkorzystniejsza? D) Ta odpowiedź daje punkt, gdy odpowiedź B go nie daje.
0%
W pudełku jest nieskończenie wiele kul ponumerowanych 1,2,3... Wylosowana jest jedna kulka. Które stwierdzenie jest prawdziwe? D) Żadna z powyższych odpowiedzi nie jest prawidłowa.
0%
Nie znaleziono quizów pasujących do podanych kryteriów
Rozkład punktacji
Procent ludzi z każdym wynikiem
Percentyl według liczby udzielonych odpowiedzi
Twoja historia wyników
Nie rozwiązałeś tego quizu od ostatniego zresetowania